书目信息 |
| 题名: |
大学物理学学习指导
|
|
| 作者: | 赵近芳 , 王登龙 主编 | |
| 分册: | ||
| 出版信息: | 北京 北京邮电大学出版社 2019 |
|
| 页数: | 232页 | |
| 开本: | 26cm | |
| 丛书名: | ||
| 单 册: | ||
| 中图分类: | O4 , O4-42 | |
| 科图分类: | ||
| 主题词: | 物理学--Wu Li Xue--高等学校--教学参考资料 | |
| 电子资源: | ||
| ISBN: | 978-7-5635-4745-6 | |
| 000 | 01183nam0 2200325 45 | |
| 001 | 012001003324 | |
| 005 | 20191204111802.15 | |
| 010 | @a978-7-5635-4745-6@dCNY36.00 | |
| 099 | @aCAL 012018067469 | |
| 100 | @a20180314d2017 ekmy0chiy50 ea | |
| 101 | 0 | @achi |
| 102 | @aCN@b110000 | |
| 105 | @aa z 000yy | |
| 106 | @ar | |
| 200 | 1 | @a大学物理学学习指导@ADa Xue Wu Li Xue Xue Xi Zhi Dao@f主编赵近芳, 王登龙 |
| 205 | @a第5版 | |
| 210 | @a北京@c北京邮电大学出版社@d2019 | |
| 215 | @a232页@c图@d26cm | |
| 300 | @a“十三五”普通高等教育本科国家级规划教材 “互联网+”立体化教材 广益教育 | |
| 311 | @a本书与《大学物理学》第5版相配套 | |
| 330 | @a本书分为力学基础、气体动理论基基;电磁学;波动光学;量子论五篇,其主要内容包括:质点运动学;质点动力学;刚体力学基础;相对论;机械振动;机械波;气体动理论基础;热力学基础等。 | |
| 333 | @a高校物理学相关专业师生 | |
| 488 | 0 | @12001 @a大学物理学@1205 @@a第5版 |
| 606 | 0 | @a物理学@AWu Li Xue@x高等学校@j教学参考资料 |
| 690 | @aO4@v5 | |
| 690 | @aO4-42@v4 | |
| 701 | 0 | @a赵近芳@AZhao Jin Fang@4主编 |
| 701 | 0 | @a王登龙@AWang Deng Long@4主编 |
| 801 | 2 | @aCN@b北京卓展@c20191020 |
| 905 | @b1211215-8@dO4@e1056=5@f4 | |
| 大学物理学学习指导/主编赵近芳, 王登龙.-第5版.-北京:北京邮电大学出版社,2019 |
| 232页:图;26cm |
| “十三五”普通高等教育本科国家级规划教材 “互联网+”立体化教材 广益教育.-使用对象:高校物理学相关专业师生 |
| ISBN 978-7-5635-4745-6:CNY36.00 |
| 本书分为力学基础、气体动理论基基;电磁学;波动光学;量子论五篇,其主要内容包括:质点运动学;质点动力学;刚体力学基础;相对论;机械振动;机械波;气体动理论基础;热力学基础等。 |
| ● |
| 相关链接 |
|
|
|
|
正题名:大学物理学学习指导
索取号:O4/1056=5
 
预约/预借
| 序号 | 登录号 | 条形码 | 馆藏地/架位号 | 状态 | 备注 |
| 1 | 1211215 | 212112159 | 第二样本阅览室/ [索取号:O4/1056=5] | 在馆 | |
| 2 | 1211216 | 212112168 | 第三借阅区/ [索取号:O4/1056=5] | 在馆 | |
| 3 | 1211217 | 212112177 | 第三借阅区/ [索取号:O4/1056=5] | 在馆 | |
| 4 | 1211218 | 212112186 | 第三借阅区/ [索取号:O4/1056=5] | 在馆 |